000 00452nam a2200145Ia 4500
008 151213s9999 xx 000 0 und d
100 _aমোঃ ওয়ালী উল্লাহ্
245 _aআয়কর
_cমোঃ ওয়ালী উল্লাহ্
260 _aDhaka
_bAvwe`
300 _a1395 p.
650 _aAccounting
650 _aAccounting
700 _aমোঃ ওয়ালী উল্লাহ্
999 _c1113
_d1113